[Event "2. Bundesliga West 2017/18"]
[Site "Kufstein; NMS II, Sporthalle Fischergries"]
[Date "2018.01.13"]
[Round "7"]
[Board "6"]
[White "Czoeppan, Thomas"]
[Black "Poettinger, Harald"]
[Result "1/2-1/2"]
[WhiteElo "2079"]
[BlackElo "2198"]
[PlyCount "59"]
[EventDate "2017.10.13"]
[EventType "team"]
[EventRounds "11"]
[EventCountry "AUT"]
[WhiteTeam "Jenbach 2"]
[BlackTeam "Bregenz"]

1. d4 d6 2. Nf3 g6 3. c4 Bg7 4. Nc3 Bg4 5. e3 c5 6. Be2 cxd4 7. exd4 Nh6 8. O-O
Nf5 9. d5 Nd7 10. Bd2 O-O 11. Rc1 a5 12. b3 Nc5 13. Ng5 Bxe2 14. Qxe2 h5 15.
Nce4 Qd7 16. Bc3 Bh6 17. Rb1 Rfe8 18. Rfd1 b6 19. Nf3 Nxe4 20. Qxe4 b5 21. cxb5
Qxb5 22. Nd4 Qd7 23. Nxf5 Qxf5 24. Qd4 Kh7 25. Rb2 Rec8 26. Re2 Rc7 27. Rde1
Qc8 28. Re3 Raa7 29. f4 Qf8 30. g3  1/2-1/2

[Event "2. Bundesliga West 2017/18"]
[Site "Kufstein; NMS II, Sporthalle Fischergries"]
[Date "2018.01.13"]
[Round "7"]
[Board "1"]
[White "Gretz, Denis"]
[Black "Riediger, Martin"]
[Result "1-0"]
[WhiteElo "2309"]
[BlackElo "2288"]
[PlyCount "43"]
[EventDate "2017.10.13"]
[EventType "team"]
[EventRounds "11"]
[EventCountry "AUT"]
[WhiteTeam "Goetzis 2"]
[BlackTeam "Ranshofen"]

1. e4 e5 2. Nf3 Nc6 3. Bb5 a6 4. Bxc6 dxc6 5. O-O Qf6 6. d4 exd4 7. Bg5 Qg6 8.
Qxd4 Be7 9. Bf4 Nf6 10. Nc3 Bd8 11. Rad1 Be6 12. Qb4 Nh5 13. Ne5 Qf6 14. Qxb7
O-O 15. Bg3 Nxg3 16. fxg3 Qxe5 17. Qxa8 Qc5+ 18. Kh1 Bf6 19. Qb7 Be5 20. Na4
Qxc2 21. Qxa6 Bxa2 22. Rc1  1-0

[Event "2. Bundesliga West 2017/18"]
[Site "Kufstein; NMS II, Sporthalle Fischergries"]
[Date "2018.01.13"]
[Round "7"]
[Board "2"]
[White "Knechtel, Roland"]
[Black "Anistratov, Dmitrij"]
[Result "1/2-1/2"]
[WhiteElo "2245"]
[BlackElo "2274"]
[PlyCount "123"]
[EventDate "2017.10.13"]
[EventType "team"]
[EventRounds "11"]
[EventCountry "AUT"]
[WhiteTeam "Ranshofen"]
[BlackTeam "Goetzis 2"]

1. d4 d6 2. Nf3 Nf6 3. c4 Nbd7 4. Nc3 c6 5. Bg5 e5 6. e3 Be7 7. Qc2 O-O 8. Be2
Ne8 9. Bxe7 Qxe7 10. O-O Nef6 11. dxe5 Nxe5 12. Nd4 Be6 13. b3 Rfe8 14. Rad1
Rad8 15. Rd2 Bc8 16. h3 d5 17. cxd5 Nxd5 18. Nxd5 Rxd5 19. Rfd1 g6 20. Qb2 Rdd8
21. b4 Rf8 22. Qc3 Rde8 23. a3 Nd7 24. Bc4 Nf6 25. Qb2 Ne4 26. Rc2 Rd8 27. Bd3
Ng5 28. Bf1 Ne4 29. Bd3 Ng5 30. Bf1 h5 31. Rc5 Ne4 32. Rcc1 Rd6 33. Nf3 Rfd8
34. Be2 Ng5 35. Rxd6 Rxd6 36. Rc5 Nxf3+ 37. Bxf3 Qf6 38. Qxf6 Rxf6 39. b5 Bd7
40. Rc3 cxb5 41. Bxb7 Rb6 42. Bd5 a5 43. Bb3 a4 44. Bd5 Rd6 45. Rc5 Kf8 46. e4
Rb6 47. Rc7 Be6 48. f3 h4 49. Kf2 b4 50. axb4 Rxb4 51. Ra7 Rd4 52. Ke3 Rb4 53.
Bxe6 fxe6 54. Kf4 Rb2 55. g3 hxg3 56. Kxg3 Ra2 57. Kf4 Rh2 58. Rxa4 Rxh3 59.
Ra7 Rh5 60. Kg4 e5 61. Rb7 Kg8 62. Ra7  1/2-1/2

[Event "2. Bundesliga West 2017/18"]
[Site "Kufstein; NMS II, Sporthalle Fischergries"]
[Date "2018.01.13"]
[Round "7"]
[Board "3"]
[White "De Visser, Leon"]
[Black "Ager, Josef"]
[Result "0-1"]
[WhiteElo "2199"]
[BlackElo "2109"]
[PlyCount "94"]
[EventDate "2017.10.13"]
[EventType "team"]
[EventRounds "11"]
[EventCountry "AUT"]
[WhiteTeam "Goetzis 2"]
[BlackTeam "Ranshofen"]

1. c4 g6 2. g3 Bg7 3. Bg2 d6 4. Nc3 Nc6 5. d3 f5 6. e4 fxe4 7. dxe4 Be6 8. Nd5
Nf6 9. Ne2 O-O 10. O-O Qd7 11. Nef4 Bf7 12. Re1 e6 13. Nc3 Ne5 14. b3 Qe7 15.
Ba3 g5 16. Nd3 Bh5 17. f3 Nfd7 18. Nxe5 Nxe5 19. g4 Nxf3+ 20. Bxf3 Bxc3 21. Re3
Rxf3 22. Rxc3 Rxc3 23. Bb2 Rh3 24. gxh5 e5 25. c5 Qe6 26. cxd6 cxd6 27. Rc1 Rf8
28. Ba3 Rhf3 29. Qd5 Qxd5 30. exd5 Rd8 31. h6 Rd7 32. Kg2 Rf6 33. Rc8+ Kf7 34.
Kg3 Rxh6 35. Kg4 Rg6 36. Kh5 g4 37. Bc1 Kg7 38. Bg5 Rf7 39. Be3 Rf3 40. Bg5 Rf5
41. Rc7+ Kg8 42. Rc8+ Kf7 43. Rc7+ Ke8 44. Rxb7 Rgxg5+ 45. Kh6 e4 46. Rxa7 e3
47. Ra8+ Kd7  0-1

[Event "2. Bundesliga West 2017/18"]
[Site "Kufstein; NMS II, Sporthalle Fischergries"]
[Date "2018.01.13"]
[Round "7"]
[Board "4"]
[White "Brehovsky, Paul"]
[Black "Mueller, Philipp"]
[Result "0-1"]
[WhiteElo "2133"]
[BlackElo "2220"]
[PlyCount "106"]
[EventDate "2017.10.13"]
[EventType "team"]
[EventRounds "11"]
[EventCountry "AUT"]
[WhiteTeam "Ranshofen"]
[BlackTeam "Goetzis 2"]

1. d4 Nf6 2. Nf3 e6 3. e3 c5 4. Be2 Be7 5. O-O O-O 6. b3 b6 7. c4 cxd4 8. Nxd4
Bb7 9. Bb2 Na6 10. Nc3 Nc5 11. Rc1 Nfe4 12. Nxe4 Bxe4 13. b4 Nb7 14. Bf3 Bxf3
15. Qxf3 Qb8 16. Qg4 f6 17. f4 Bxb4 18. Rf3 Rf7 19. Rg3 Qf8 20. f5 e5 21. Nc2
Bc5 22. Rd1 Rc8 23. Kh1 Bd6 24. Rh3 Na5 25. Qh5 h6 26. e4 Nxc4 27. Bc1 Nb2 28.
Rd2 Bb4 29. Re2 Qd6 30. Bxh6 gxh6 31. Qxh6 Rg7 32. Qh8+ Kf7 33. Qxc8 Qd1+ 34.
Ne1 Bxe1 35. Qc2 Qxc2 36. Rxc2 Na4 37. Kg1 Nc5 38. Re3 Ba5 39. Ra3 Nxe4 40. Rc7
Ke7 41. Rxa7 Nd6 42. Rf3 e4 43. Rf4 Bd2 44. Rh4 Bg5 45. Rh8 Nxf5 46. g3 Kd6 47.
Kf1 Re7 48. Rb8 Be3 49. a4 Bc5 50. a5 e3 51. Rxb6+ Bxb6 52. axb6 e2+ 53. Ke1
Nd4  0-1

[Event "2. Bundesliga West 2017/18"]
[Site "Kufstein; NMS II, Sporthalle Fischergries"]
[Date "2018.01.13"]
[Round "7"]
[Board "5"]
[White "Mittelberger, Peter"]
[Black "Kuecher, Wolfgang"]
[Result "1/2-1/2"]
[WhiteElo "2180"]
[BlackElo "2123"]
[PlyCount "100"]
[EventDate "2017.10.13"]
[EventType "team"]
[EventRounds "11"]
[EventCountry "AUT"]
[WhiteTeam "Goetzis 2"]
[BlackTeam "Ranshofen"]

1. e4 g6 2. d4 Bg7 3. Nc3 d6 4. Be3 a6 5. a4 Nc6 6. Nf3 e5 7. dxe5 Nxe5 8. Nxe5
Bxe5 9. Qd2 Be6 10. f4 Bg7 11. Bd3 Ne7 12. O-O f5 13. Ne2 Qd7 14. Bd4 Nc6 15.
Bxg7 Qxg7 16. c3 O-O 17. Ng3 Rae8 18. exf5 gxf5 19. Rae1 Qf7 20. Re3 Bd7 21.
Rfe1 Rxe3 22. Rxe3 Kh8 23. b4 Ne7 24. Bc2 Qd5 25. Rd3 Qa2 26. a5 Ng6 27. Nh5
Bb5 28. Re3 Qc4 29. Re1 Bc6 30. Bb3 Qxb3 31. Qd4+ Ne5 32. Rxe5 Kg8 33. Re7 Qb1+
34. Kf2 Qa2+ 35. Ke3 Rf7 36. Rxf7 Qxf7 37. Nf6+ Kf8 38. g4 fxg4 39. c4 Ke7 40.
Nd5+ Bxd5 41. cxd5 Qf6 42. Qe4+ Kd8 43. Qxh7 Qc3+ 44. Ke2 Qf3+ 45. Ke1 Qe3+ 46.
Kd1 Qb3+ 47. Ke2 Qc4+ 48. Ke3 Qc1+ 49. Ke2 Qc4+ 50. Ke3 Qc1+  1/2-1/2

[Event "2. Bundesliga West 2017/18"]
[Site "Kufstein; NMS II, Sporthalle Fischergries"]
[Date "2018.01.13"]
[Round "7"]
[Board "6"]
[White "Doppelhammer, Herbert"]
[Black "Laske, Erich"]
[Result "0-1"]
[WhiteElo "2017"]
[BlackElo "2051"]
[PlyCount "64"]
[EventDate "2017.10.13"]
[EventType "team"]
[EventRounds "11"]
[EventCountry "AUT"]
[WhiteTeam "Ranshofen"]
[BlackTeam "Goetzis 2"]

1. d4 Nf6 2. Nf3 h6 3. c4 e6 4. a3 d5 5. Nc3 Nc6 6. e3 Be7 7. Qc2 a6 8. b3 Na5
9. Bb2 b6 10. Bd3 Bb7 11. O-O Rc8 12. Nd2 c5 13. dxc5 dxc4 14. Nxc4 Nxc4 15.
Bxc4 Rxc5 16. Rfd1 Qa8 17. f3 b5 18. Bf1 O-O 19. b4 Rg5 20. e4 Rc8 21. Qd2 Qb8
22. Ne2 Bd8 23. Rac1 Bb6+ 24. Bd4 Rd8 25. Qe3 Rxd4 26. Nxd4 e5 27. Rc5 exd4 28.
Qxd4 Qa7 29. Rdc1 Bxc5 30. bxc5 Bc6 31. h4 Rg6 32. Rd1 Nd7  0-1

[Event "2. Bundesliga West 2017/18"]
[Site "Kufstein; NMS II, Sporthalle Fischergries"]
[Date "2018.01.13"]
[Round "7"]
[Board "1"]
[White "Novkovic, Milan"]
[Black "Kindermann, Stefan"]
[Result "1/2-1/2"]
[WhiteElo "2362"]
[BlackElo "2502"]
[PlyCount "69"]
[EventDate "2017.10.13"]
[EventType "team"]
[EventRounds "11"]
[EventCountry "AUT"]
[WhiteTeam "Dornbirn"]
[BlackTeam "Sparkasse Neumarkt"]

1. d4 e6 2. c4 f5 3. Nc3 Nf6 4. e3 g6 5. Bd3 Bg7 6. Nf3 O-O 7. e4 d6 8. O-O c5
9. exf5 cxd4 10. Nxd4 gxf5 11. Re1 Ng4 12. Nf3 Qb6 13. Qe2 Nc6 14. h3 Nge5 15.
Nb5 a6 16. Be3 Nxf3+ 17. Qxf3 Qd8 18. Nc3 Ne5 19. Qd1 f4 20. Bd4 f3 21. Bxe5
Bxe5 22. Rxe5 dxe5 23. g3 Bd7 24. Qc2 Rf7 25. b4 Bc6 26. Be4 Rc8 27. Bxc6 Rxc6
28. Qb3 Rd7 29. b5 Rc8 30. c5 Qe7 31. Ne4 axb5 32. Qxf3 Rd4 33. Re1 Rf8 34. Qe3
Qd7 35. Nd6 Rd5 36. Ne4 Qg7 37. Qb3 Qd7 38. Qe3 Rd3 39. Qe2 Qd4 40. Qg4+ Kh8
41. Qg5 Rf5 42. Qh4 Rd1 43. Rxd1 Qxd1+ 44. Kh2 Qd5 45. a3 Qd7 46. Kg2 Rf8 47.
Qh6 Qf7 48. Qe3 Qd7 49. Qh6 Qf7 50. Qe3 Qd7 51. Qh6  1/2-1/2

[Event "2. Bundesliga West 2017/18"]
[Site "Kufstein; NMS II, Sporthalle Fischergries"]
[Date "2018.01.13"]
[Round "7"]
[Board "2"]
[White "Sulava, Nenad"]
[Black "Szakolczai, Peter"]
[Result "1-0"]
[WhiteElo "2452"]
[BlackElo "2222"]
[PlyCount "61"]
[EventDate "2017.10.13"]
[EventType "team"]
[EventRounds "11"]
[EventCountry "AUT"]
[WhiteTeam "Sparkasse Neumarkt"]
[BlackTeam "Dornbirn"]

1. d4 d5 2. Nf3 Nf6 3. c4 e6 4. g3 Be7 5. Bg2 O-O 6. Qc2 dxc4 7. Nbd2 c5 8.
dxc5 Na6 9. Nxc4 Nxc5 10. O-O Bd7 11. Nfe5 Rc8 12. Nxd7 Qxd7 13. Rd1 Qb5 14. b3
Qa6 15. Bf4 Rfd8 16. Rxd8+ Rxd8 17. Rc1 Nd5 18. Bd2 h6 19. Bf3 Nd7 20. a4 N7f6
21. h4 Nb4 22. Qb1 b5 23. Bxb4 Bxb4 24. Ne5 Ba3 25. Rc6 Qa5 26. Rc2 Qb6 27. Nc6
Rd7 28. a5 Qa6 29. b4 Nd5 30. Bxd5 exd5 31. Nb8  1-0

[Event "2. Bundesliga West 2017/18"]
[Site "Kufstein; NMS II, Sporthalle Fischergries"]
[Date "2018.01.13"]
[Round "7"]
[Board "3"]
[White "Leutwyler, Martin"]
[Black "Manakov, Ilya"]
[Result "1/2-1/2"]
[WhiteElo "2200"]
[BlackElo "2376"]
[PlyCount "81"]
[EventDate "2017.10.13"]
[EventType "team"]
[EventRounds "11"]
[EventCountry "AUT"]
[WhiteTeam "Dornbirn"]
[BlackTeam "Sparkasse Neumarkt"]

1. d4 Nf6 2. c4 g6 3. Nc3 Bg7 4. e4 d6 5. Nf3 O-O 6. h3 e5 7. d5 a5 8. g4 Na6
9. Be3 Nd7 10. a3 Nac5 11. Rg1 a4 12. Nd2 c6 13. Qc2 b6 14. O-O-O Ba6 15. Kb1
cxd5 16. cxd5 Bxf1 17. Rdxf1 Qb8 18. Na2 Rc8 19. Nb4 Qb7 20. Qd1 Bf8 21. Qe2 b5
22. Rc1 Nb8 23. f3 Nba6 24. Ka2 Nxb4+ 25. axb4 Nb3 26. Nxb3 axb3+ 27. Kxb3 Rxc1
28. Rxc1 Qa6 29. Rc6 Qa4+ 30. Kc3 Be7 31. Qc2 Qa1 32. Bh6 Bh4 33. Kd3 Qf1+ 34.
Ke3 Qe1+ 35. Kd3 Qf1+ 36. Qe2 Qb1+ 37. Qc2 Qf1+ 38. Qe2 Qb1+ 39. Qc2 Qf1+ 40.
Qe2 Qb1+ 41. Qc2  1/2-1/2

[Event "2. Bundesliga West 2017/18"]
[Site "Kufstein; NMS II, Sporthalle Fischergries"]
[Date "2018.01.13"]
[Round "7"]
[Board "4"]
[White "Kaspret, Guido"]
[Black "Klocker, Benedikt"]
[Result "0-1"]
[WhiteElo "2273"]
[BlackElo "2174"]
[PlyCount "78"]
[EventDate "2017.10.13"]
[EventType "team"]
[EventRounds "11"]
[EventCountry "AUT"]
[WhiteTeam "Sparkasse Neumarkt"]
[BlackTeam "Dornbirn"]

1. c4 Nf6 2. Nf3 g6 3. Nc3 Bg7 4. e4 d6 5. d4 O-O 6. Be2 e5 7. O-O Nc6 8. d5
Ne7 9. Ne1 Ne8 10. Nd3 f5 11. f4 Nf6 12. fxe5 dxe5 13. Nxe5 Nxe4 14. Nxe4 fxe4
15. Ng4 Nf5 16. Kh1 Qh4 17. Bf4 Nd4 18. Nh6+ Bxh6 19. Bxh6 Rxf1+ 20. Bxf1 Qxh6
21. Qxd4 Bf5 22. Be2 Re8 23. g4 Bc8 24. Rf1 Qh4 25. d6 cxd6 26. c5 Bxg4 27.
Bc4+ Be6 28. Bxe6+ Rxe6 29. Qd5 Qe7 30. cxd6 Qxd6 31. Qxb7 Rf6 32. Qb3+ Kg7 33.
Qc3 e3 34. Kg1 e2 35. Re1 Qb6+ 36. Kh1 Qb7+ 37. Kg1 Qb6+ 38. Kh1 Qf2 39. h3
Qxe1+  0-1

[Event "2. Bundesliga West 2017/18"]
[Site "Kufstein; NMS II, Sporthalle Fischergries"]
[Date "2018.01.13"]
[Round "7"]
[Board "5"]
[White "Klings, Peter"]
[Black "Wuppinger, Manfred"]
[Result "1/2-1/2"]
[WhiteElo "2160"]
[BlackElo "2066"]
[PlyCount "64"]
[EventDate "2017.10.13"]
[EventType "team"]
[EventRounds "11"]
[EventCountry "AUT"]
[WhiteTeam "Dornbirn"]
[BlackTeam "Sparkasse Neumarkt"]

1. Nf3 Nf6 2. c4 c5 3. Nc3 g6 4. d4 cxd4 5. Nxd4 Bg7 6. e4 Qb6 7. Ndb5 Nc6 8.
Be3 Qd8 9. Be2 O-O 10. Qd2 a6 11. Nd4 d6 12. f3 Nd7 13. Nb3 Na5 14. O-O Ne5 15.
Nxa5 Qxa5 16. Nd5 Qxd2 17. Nxe7+ Kh8 18. Bxd2 Be6 19. Rac1 b5 20. b3 bxc4 21.
bxc4 Ra7 22. Nd5 Rc8 23. Be3 Rb7 24. a4 Rb2 25. Rfe1 Ra2 26. Nb6 Rc6 27. Kf1
Nd7 28. Nxd7 Bxd7 29. c5 dxc5 30. Bxc5 Rxa4 31. Red1 Bb2 32. Rc2 Ra1  1/2-1/2

[Event "2. Bundesliga West 2017/18"]
[Site "Kufstein; NMS II, Sporthalle Fischergries"]
[Date "2018.01.13"]
[Round "7"]
[Board "6"]
[White "Egger, Martin"]
[Black "Novkovic, Julia"]
[Result "0-1"]
[WhiteElo "2065"]
[BlackElo "2111"]
[PlyCount "78"]
[EventDate "2017.10.13"]
[EventType "team"]
[EventRounds "11"]
[EventCountry "AUT"]
[WhiteTeam "Sparkasse Neumarkt"]
[BlackTeam "Dornbirn"]

1. e4 e5 2. Nf3 Nc6 3. Bc4 Be7 4. d4 d6 5. dxe5 dxe5 6. Qe2 Bg4 7. c3 Qd6 8. h3
Bd7 9. b4 a6 10. a4 Qg6 11. g3 h6 12. Nbd2 Qh5 13. Ng1 Qxe2+ 14. Nxe2 Nf6 15.
Ba3 Nd8 16. Bd3 Bc6 17. Bc2 Ne6 18. f4 exf4 19. gxf4 Rd8 20. O-O-O a5 21. Kb2
axb4 22. Bxb4 Nc5 23. Bxc5 Bxc5 24. Nb3 Be7 25. Rxd8+ Bxd8 26. Ned4 Bxa4 27.
Rg1 Nh5 28. Bb1 b6 29. Ne2 c5 30. Nd2 Be7 31. f5 Bb5 32. c4 Bf6+ 33. Kb3 Bc6
34. Nf1 O-O 35. Nfg3 Nxg3 36. Nxg3 Ra8 37. Kc2 Bd4 38. Rg2 Ra3 39. Kd2 Be5  0-1

[Event "2. Bundesliga West 2017/18"]
[Site "Kufstein; NMS II, Sporthalle Fischergries"]
[Date "2018.01.14"]
[Round "8"]
[Board "1"]
[White "Novkovic, Milan"]
[Black "Doskocil, Klaus"]
[Result "1/2-1/2"]
[WhiteElo "2362"]
[BlackElo "2239"]
[PlyCount "96"]
[EventDate "2017.10.13"]
[EventType "team"]
[EventRounds "11"]
[EventCountry "AUT"]
[WhiteTeam "Dornbirn"]
[BlackTeam "Pradl"]

1. d4 Nf6 2. c4 e6 3. Nf3 Bb4+ 4. Bd2 Be7 5. Nc3 d5 6. Bg5 Nbd7 7. e3 O-O 8.
Rc1 b6 9. cxd5 exd5 10. Qa4 Bb7 11. Ba6 Bxa6 12. Qxa6 c5 13. O-O h6 14. Bh4 Qc8
15. Qxc8 Raxc8 16. dxc5 bxc5 17. Bxf6 Nxf6 18. Rfd1 Rfd8 19. Kf1 Rb8 20. Rc2
Rb6 21. Rcd2 Rbd6 22. Ng1 Kf8 23. Nge2 g6 24. Nf4 d4 25. exd4 Rxd4 26. Rxd4
cxd4 27. Nce2 Bc5 28. Nd3 Bb6 29. Rc1 Ne4 30. b4 Rd6 31. a4 Bd8 32. Ke1 Bf6 33.
Rc8+ Ke7 34. Rc7+ Rd7 35. Rxd7+ Kxd7 36. Kd1 Kc6 37. Kc2 Kd5 38. Kb3 Nd2+ 39.
Kc2 Ne4 40. f3 Nd6 41. Kb3 g5 42. b5 Nc4 43. Nb4+ Kc5 44. Na6+ Kd5 45. Nc7+ Kc5
46. Na6+ Kd5 47. Nb4+ Kc5 48. Nd3+ Kd5  1/2-1/2

[Event "2. Bundesliga West 2017/18"]
[Site "Kufstein; NMS II, Sporthalle Fischergries"]
[Date "2018.01.14"]
[Round "8"]
[Board "2"]
[White "Meier, Alexander"]
[Black "Szakolczai, Peter"]
[Result "1-0"]
[WhiteElo "2210"]
[BlackElo "2222"]
[PlyCount "87"]
[EventDate "2017.10.13"]
[EventType "team"]
[EventRounds "11"]
[EventCountry "AUT"]
[WhiteTeam "Pradl"]
[BlackTeam "Dornbirn"]

1. e4 c5 2. Nc3 Nc6 3. f4 g6 4. Nf3 Bg7 5. Bb5 Nd4 6. O-O e6 7. Nxd4 cxd4 8.
Ne2 a6 9. Bd3 d6 10. c3 e5 11. fxe5 dxe5 12. cxd4 exd4 13. Qa4+ Qd7 14. Qxd7+
Bxd7 15. b3 Ne7 16. Bb2 Rd8 17. Bc4 Be6 18. Bxe6 fxe6 19. Nf4 Rd6 20. Rac1 e5
21. Ba3 Rc6 22. Rxc6 bxc6 23. Ne6 Bh6 24. d3 a5 25. Bc5 Kd7 26. Rf7 Re8 27. Ng7
Bxg7 28. Rxg7 h5 29. g3 Ke6 30. Bxe7 Rxe7 31. Rxg6+ Kd7 32. Rh6 a4 33. b4 a3
34. Rxh5 c5 35. b5 c4 36. dxc4 Kd6 37. Rh6+ Kc5 38. Rc6+ Kb4 39. b6 d3 40. Kf2
Kc3 41. Rd6 Kd2 42. c5 Rf7+ 43. Kg2 Ke2 44. c6  1-0

[Event "2. Bundesliga West 2017/18"]
[Site "Kufstein; NMS II, Sporthalle Fischergries"]
[Date "2018.01.14"]
[Round "8"]
[Board "3"]
[White "Leutwyler, Martin"]
[Black "Everett, Elijah"]
[Result "1-0"]
[WhiteElo "2200"]
[BlackElo "2190"]
[PlyCount "59"]
[EventDate "2017.10.13"]
[EventType "team"]
[EventRounds "11"]
[EventCountry "AUT"]
[WhiteTeam "Dornbirn"]
[BlackTeam "Pradl"]

1. d4 Nf6 2. c4 g6 3. Nc3 Bg7 4. e4 d6 5. Nf3 O-O 6. h3 e5 7. d5 Nh5 8. g3 f5
9. exf5 gxf5 10. Nh4 Nf6 11. Bd3 e4 12. Be2 Nfd7 13. Ng2 Na6 14. Nf4 Nac5 15.
Be3 Ne5 16. Qc2 a5 17. O-O-O b6 18. Kb1 Qe7 19. Rdg1 Ncd3 20. Bd4 Nxf4 21. gxf4
Ng6 22. Bxg7 Kxg7 23. h4 Kh8 24. Qd2 Rf6 25. h5 Nf8 26. Qd4 Nd7 27. h6 Rb8 28.
Rg7 Qf8 29. Rhg1 Rb7 30. Bh5  1-0

[Event "2. Bundesliga West 2017/18"]
[Site "Kufstein; NMS II, Sporthalle Fischergries"]
[Date "2018.01.14"]
[Round "8"]
[Board "4"]
[White "Praxmarer, Christian"]
[Black "Klocker, Benedikt"]
[Result "1/2-1/2"]
[WhiteElo "1974"]
[BlackElo "2174"]
[PlyCount "63"]
[EventDate "2017.10.13"]
[EventType "team"]
[EventRounds "11"]
[EventCountry "AUT"]
[WhiteTeam "Pradl"]
[BlackTeam "Dornbirn"]

1. f4 c5 2. e4 Nc6 3. Nc3 g6 4. Nf3 Bg7 5. Bb5 Nd4 6. O-O a6 7. Bd3 e6 8. Nxd4
cxd4 9. Ne2 Ne7 10. f5 Nc6 11. Qe1 Nb4 12. f6 Bf8 13. Qg3 Qb6 14. a3 Nxd3 15.
Qxd3 e5 16. Kh1 d5 17. c3 Bd6 18. Ng3 Be6 19. b4 Qb5 20. Qxb5+ axb5 21. cxd4
exd4 22. Bb2 Bxg3 23. exd5 Bxd5 24. hxg3 O-O-O 25. Rac1+ Bc6 26. a4 Kb8 27. a5
Rhe8 28. Rce1 Bd5 29. Kh2 d3 30. Re3 Rd6 31. Rfe1 Rde6 32. g4  1/2-1/2

[Event "2. Bundesliga West 2017/18"]
[Site "Kufstein; NMS II, Sporthalle Fischergries"]
[Date "2018.01.14"]
[Round "8"]
[Board "5"]
[White "Klings, Peter"]
[Black "Sovago, Philipp"]
[Result "1-0"]
[WhiteElo "2160"]
[BlackElo "1946"]
[PlyCount "67"]
[EventDate "2017.10.13"]
[EventType "team"]
[EventRounds "11"]
[EventCountry "AUT"]
[WhiteTeam "Dornbirn"]
[BlackTeam "Pradl"]

1. Nf3 Nf6 2. c4 c5 3. Nc3 Nc6 4. e3 e6 5. d4 cxd4 6. exd4 d5 7. a3 Be7 8. Bd3
O-O 9. O-O b6 10. Re1 Bb7 11. Bg5 dxc4 12. Bxc4 Rc8 13. Qd3 Nd5 14. Bd2 Nf6 15.
Rad1 Rc7 16. Bc1 Qc8 17. Ba2 Na5 18. Bf4 Bxf3 19. Qxf3 Rd7 20. d5 exd5 21. Nxd5
Nxd5 22. Bxd5 Bf6 23. b4 Nc4 24. Rc1 b5 25. Bc6 Bb2 26. Bxd7 Qxd7 27. Rcd1 Qf5
28. Rd5 Qc2 29. Rxb5 Bxa3 30. Rb7 a6 31. h3 Qa2 32. Qd5 Qb3 33. Rd1 Qc3 34. Rc7
 1-0

[Event "2. Bundesliga West 2017/18"]
[Site "Kufstein; NMS II, Sporthalle Fischergries"]
[Date "2018.01.14"]
[Round "8"]
[Board "6"]
[White "Kimpel, Janine"]
[Black "Novkovic, Julia"]
[Result "0-1"]
[WhiteElo "1945"]
[BlackElo "2111"]
[PlyCount "94"]
[EventDate "2017.10.13"]
[EventType "team"]
[EventRounds "11"]
[EventCountry "AUT"]
[WhiteTeam "Pradl"]
[BlackTeam "Dornbirn"]

1. e4 e5 2. Nf3 Nc6 3. Bc4 Be7 4. d3 Nf6 5. Nc3 d6 6. h3 Na5 7. Bb3 a6 8. O-O
h6 9. d4 exd4 10. Nxd4 c5 11. Nde2 c4 12. Ba4+ b5 13. Nxb5 axb5 14. Bxb5+ Bd7
15. Bxd7+ Qxd7 16. Nc3 O-O 17. Bf4 Qb7 18. b3 Rfe8 19. f3 Nh5 20. Bh2 Bf6 21.
e5 Bxe5 22. Bxe5 dxe5 23. Ne4 Nf4 24. Kh2 Qb6 25. Qe1 Qg6 26. Qf2 f5 27. Nd2 c3
28. Nb1 Nd5 29. Qc5 Qc6 30. Qf2 Qc7 31. Kh1 Nc6 32. a4 Nd4 33. Na3 f4 34. Rac1
Ne3 35. Rfe1 Qc5 36. Nb1 Rac8 37. Rg1 Nef5 38. Rge1 Ng3+ 39. Kh2 Qb4 40. Rcd1
Ngf5 41. Rc1 Ne3 42. Rg1 Re6 43. Kh1 Ndf5 44. Qe1 Rd6 45. Kh2 Ng3 46. Qf2 Qc5
47. Qe1 Rc7  0-1

[Event "2. Bundesliga West 2017/18"]
[Site "Kufstein; NMS II, Sporthalle Fischergries"]
[Date "2018.01.14"]
[Round "8"]
[Board "1"]
[White "Anistratov, Dmitrij"]
[Black "Braeuer, Franz"]
[Result "0-1"]
[WhiteElo "2274"]
[BlackElo "2398"]
[PlyCount "122"]
[EventDate "2017.10.13"]
[EventType "team"]
[EventRounds "11"]
[EventCountry "AUT"]
[WhiteTeam "Goetzis 2"]
[BlackTeam "Rochade Rum"]

1. d3 c5 2. Nf3 Nc6 3. Nbd2 g6 4. e4 Bg7 5. c3 d6 6. Be2 e5 7. O-O Nge7 8. a3
a5 9. a4 O-O 10. Nc4 b6 11. Qb3 Rb8 12. d4 cxd4 13. cxd4 exd4 14. Bf4 Ba6 15.
Rfe1 b5 16. Nxd6 bxa4 17. Qd1 d3 18. Bxd3 Bxd3 19. Qxd3 Rb3 20. Qd1 Nb4 21. Nc4
Nd3 22. Rxa4 Rb7 23. Bd6 Nxe1 24. Qxe1 Rd7 25. e5 Nf5 26. Qxa5 Qxa5 27. Rxa5
Nxd6 28. exd6 Rc8 29. Nfd2 Bh6 30. Rd5 Bxd2 31. Nxd2 Rc1+ 32. Nf1 Rc6 33. g3
Rdxd6 34. Re5 Rb6 35. Re2 Rd1 36. Kg2 Rb1 37. Re8+ Kg7 38. Re2 R1xb2 39. Rxb2
Rxb2 40. h4 f5 41. Kf3 Kf6 42. Ne3 Ra2 43. Nd5+ Ke5 44. Nf4 Ra3+ 45. Kg2 Rb3
46. Nh3 h6 47. Nf4 g5 48. hxg5 hxg5 49. Nh3 Kf6 50. Ng1 Rb2 51. Nh3 Kg6 52. Kf1
Kh5 53. Kg1 Kg4 54. Kg2 Ra2 55. Ng1 Ra3 56. Ne2 f4 57. gxf4 gxf4 58. Nd4 f3+
59. Kh2 Ra2 60. Kg1 Ra1+ 61. Kh2 Rf1  0-1

[Event "2. Bundesliga West 2017/18"]
[Site "Kufstein; NMS II, Sporthalle Fischergries"]
[Date "2018.01.14"]
[Round "8"]
[Board "2"]
[White "Spornberger, Andre"]
[Black "De Visser, Leon"]
[Result "1/2-1/2"]
[WhiteElo "2355"]
[BlackElo "2199"]
[PlyCount "81"]
[EventDate "2017.10.13"]
[EventType "team"]
[EventRounds "11"]
[EventCountry "AUT"]
[WhiteTeam "Rochade Rum"]
[BlackTeam "Goetzis 2"]

1. d4 d5 2. Bf4 Nf6 3. e3 c5 4. c3 Nc6 5. Nd2 cxd4 6. exd4 Bf5 7. Qb3 Qc8 8.
Ngf3 e6 9. Be2 Be7 10. O-O Ne4 11. Nxe4 Bxe4 12. Ne5 Nxe5 13. Bxe5 O-O 14. Rac1
Qd7 15. f3 Bg6 16. c4 dxc4 17. Bxc4 Bd6 18. Rfd1 Rab8 19. f4 b5 20. Be2 Be4 21.
Bf3 Bxf3 22. Qxf3 Rbc8 23. Rxc8 Rxc8 24. Bxd6 Qxd6 25. Qb7 Rf8 26. Qxb5 Qxf4
27. Qe5 Qxe5 28. dxe5 Rb8 29. Rd7 g5 30. Rxa7 Rxb2 31. a4 Re2 32. Ra5 Re4 33.
Kf2 g4 34. Kg3 Kg7 35. Kh4 Kg6 36. Ra8 h5 37. Rg8+ Kh6 38. Rh8+ Kg6 39. Rg8+
Kh6 40. Rh8+ Kg6 41. Rg8+  1/2-1/2

[Event "2. Bundesliga West 2017/18"]
[Site "Kufstein; NMS II, Sporthalle Fischergries"]
[Date "2018.01.14"]
[Round "8"]
[Board "3"]
[White "Mueller, Philipp"]
[Black "Gatterer, Florian"]
[Result "1/2-1/2"]
[WhiteElo "2220"]
[BlackElo "2271"]
[PlyCount "62"]
[EventDate "2017.10.13"]
[EventType "team"]
[EventRounds "11"]
[EventCountry "AUT"]
[WhiteTeam "Goetzis 2"]
[BlackTeam "Rochade Rum"]

1. e4 c6 2. d4 d5 3. e5 Bf5 4. Be2 e6 5. Nf3 Nd7 6. O-O h6 7. Nbd2 Ne7 8. Nb3
g5 9. Ne1 Qc7 10. f4 c5 11. dxc5 Nc6 12. Bd3 Bxd3 13. Nxd3 O-O-O 14. Qh5 Rh7
15. Kh1 f5 16. fxg5 Bg7 17. Bf4 Nf8 18. gxh6 Bxh6 19. Bxh6 Nxe5 20. Nxe5 Qxe5
21. Qg5 Qh8 22. Bxf8 Rxh2+ 23. Kg1 Rxf8 24. Qg3 Rh6 25. Rae1 Rg8 26. Qe5 Rh1+
27. Kf2 Rxg2+ 28. Kxg2 Qh3+ 29. Kf2 Rh2+ 30. Qxh2 Qxh2+ 31. Kf3 e5  1/2-1/2